000 00468nam a2200193Ia 4500
003 OSt
005 20230511151227.0
008 210423s1990 xx 000 0 und d
040 _cAL
041 _aeng
082 _a301.0954
_223
_bDESI
100 _aJOHN (D).
_9103620
245 _aIndia we want to build.
260 _aKottaym
_bOxford University Press
_c1990
365 _b40
_cINR
440 _v1
906 _abuild. ; India ; want ; we
942 _2ddc
_cBK
999 _c172045
_d172045